Gemeinden von Ried im Innkreis - Statistiken

Allgemein
  • Dieses Quiz wurde 472 mal gespielt
  • Das Durchschnittsergebnis liegt bei 24 aus 36
Antworten auf der Karte
Die Antworten werden auf der Karte rot bzw. grün angezeigt, abhängig davon wie oft sie richtig erraten wurden.
 
Antwortstatistiken
Einwohner Gemeinde % Korrekt
12.055 Ried im Innkreis
99%
3.035 Aurolzmünster
80%
3.414 Eberschwang
78%
2.263 Hohenzell
78%
2.209 Waldzell
77%
2.361 Mehrnbach
76%
1.661 Obernberg am Inn
76%
1.016 Pramet
76%
2.244 Lohnsburg am Kobernaußerwald
75%
2.353 Mettmach
75%
2.401 Taiskirchen im Innkreis
75%
2.449 Neuhofen im Innkreis
72%
1.092 Antiesenhofen
71%
777 Andrichsfurt
70%
2.046 St. Martin im Innkreis
69%
1.396 Geinberg
67%
1.553 Utzenaich
66%
1.198 Gurten
65%
654 Kirchdorf am Inn
65%
1.318 Lambrechten
65%
1.594 Tumeltsham
64%
566 St. Georgen bei Obernberg am Inn
63%
1.215 Schildorn
62%
669 Mühlheim am Inn
61%
1.269 Ort im Innkreis
61%
724 Kirchheim im Innkreis
60%
962 Pattigham
60%
1.518 Reichersberg
56%
870 St. Marienkirchen am Hausruck
55%
622 Weilbach
55%
701 Peterskirchen
54%
502 Geiersberg
50%
811 Eitzing
48%
335 Mörschwang
48%
573 Wippenham
45%
778 Senftenbach
43%
Keine übereinstimmenden Quizze gefunden
Verteilung der Resultate
Anzahl Personen mit jedem Resultat
Perzentil nach korrekt beantworteten Fragen
Ihre Resultats-Entwicklung
Sie haben dieses Quiz noch nicht gespielt